000 00541nam a2200181 i 4500
001 44077
003 ES-MaACL
005 20230906160941.0
007 t|
008 030320s1958 sp ||||1| spa d
100 1 _aCéspedes, Alba de.
_937683
245 1 0 _aCuaderno prohibido /
_cAlba de Céspedes ; [traducción de Rosa S. de Naveira].
250 _a[1ª ed.].
260 _aBarcelona :
_bJosé Janés,
_c[1958] (
_fGasa)
300 _a259 p. ;
_c17 cm.
700 1 _aNaveira, Rosa S. de.
_985223
852 _aES-MaACL
_jC-15205
_bR.42955
999 _c44077
_d44077